Alternatívne vykazovanie charakterovo rovnakých hospodárskych operácií v účtovnej závierke bakalárska práca

Gespeichert in:
Bibliographische Detailangaben
1. Verfasser: Bódisová, Renáta
Körperschaft: Fakulta hospodárskej informatiky EU. Katedra účtovníctva a audítorstva
Weitere Verfasser: Šumanová, Radka, 1991-
Format: Buch
Sprache:Slowakisch
Veröffentlicht: Bratislava 2018
Tags: Tag hinzufügen
Keine Tags, Fügen Sie das erste Tag hinzu!

MARC

LEADER 00000nbm a2200000 4500
001 0245297
005 20181106082454.0
041 0 |a slo 
044 |a SK 
245 1 0 |a Alternatívne vykazovanie charakterovo rovnakých hospodárskych operácií v účtovnej závierke  |b bakalárska práca  |c Renáta Bódisová ; školiteľ: Radka Šumanová 
264 1 |a Bratislava  |c 2018 
300 |a 54 s. 
100 1 |a Bódisová, Renáta 
700 1 |a Šumanová, Radka, 1991- 
710 2 |a Fakulta hospodárskej informatiky EU. Katedra účtovníctva a audítorstva